00640nmm a2200181Ia 4500008004100000041000800041100003200049245004700081264006800128300001800196490002100214650004300235700003200278700003400310700003400344700002900378856005100407251105s9999||||xx |||||||||||||||||und|| aspa aRuiz de la Barrera, Rocío 0aHidalgo. Historia breve :b Historia breve a[México D.C., Mexico] :bFondo de Cultura Económica, c2016 a396 páginas aHistorias Breves aHistory of the Americas: Latin America aRuiz de la Barrera, Rocío1 a Hernández Chávez, Alicia1 a Hernández Chávez, Alicia1 a Celaya Nández, Yovana uhttps://public.digitaliapublishing.com/a/64484